00599nam a2200193Ia 4500008004100000020001300041082001400054100001700068245002500085250000700110260003600117300002400153500001900177600002100196650005000217942000700267952011600274999001500390240925s9999 xx 000 0 und d a70335613 a004.68KEI aKeiser, Gerd 0aLocal Area Networks  aNA aNew York:bMc Graw HIllc,1989. a731p.bNAfOriginal aIncludes Index aComputer Science aComputer science, information & general works cBK 001040708CSaUITUbUITUd2007-01-16eF.B.Cg475.00l0o004.68KEIpQ6804r2024-09-25 07:14:22w2024-09-25yBK c9303d9303